Ο εθνικισμός στην ύστερη ανάπτυξη : οκτώ κείμενα

Αποθηκεύτηκε σε:
Λεπτομέρειες βιβλιογραφικής εγγραφής
Κύριος συγγραφέας: Mouzelis, Nicos P.
Μορφή: Βιβλίο
Γλώσσα:Greek
Δημοσίευση: Αθήνα : Θεμέλιο, 1994.
Θέματα:
Ετικέτες: Προσθήκη ετικέτας
Δεν υπάρχουν, Καταχωρήστε ετικέτα πρώτοι!

MARC

LEADER 00000cam a2200000 i 4500
001 1/98964
008 950321s1994 gr | ||| |||| ||gre||
020 |a 9603101834 
035 |l 10011125 
040 |a GR-MY-UA  |b gre  |e aacr 
041 0 |a gre 
082 7 |a 320.5409495   |2 (22) 
100 1 |a Mouzelis, Nicos P. 
245 1 2 |a Ο εθνικισμός στην ύστερη ανάπτυξη :   |b οκτώ κείμενα /   |c Νίκος Μουζέλης. 
260 |a Αθήνα :   |b Θεμέλιο,   |c 1994. 
300 |a 81 σ. ;   |c 21 εκ.  
650 0 0 |a Nationalism  |z Greece. 
852 |a INST  |b LESVOS  |e 19950321  |h 320.5409495 MOU  |p 005100002190  |q 005100002190  |t BK  |y 0 
852 |a INST  |b RHODES  |e 19980601  |h 320.5409495 MOU  |p 005400006347  |q 005400006347  |t BK  |y 0 
901 |a BIBL-1998-2 
909 |a Λ  |b 036589 
909 |a Ρ  |b 055251 
922 |a 4ΕΛΗ  |b 199803  |c ΧΙΩΤΑΚΗΣ  |d EMVASIS 
970 |z 21-03-1995